000 00411nam a2200169Ia 4500
005 20250423101235.0
008 250422s9999 xx 000 0 und d
020 _a0- 312- 00313- 7
050 _aH 61 .H682/
100 _aKenneth R. Hoover
245 4 _aThe elements of social scientific thinking
250 _a4th ed.
260 _bST. Martins press
260 _c1988
300 _a179 p
942 _cBK
999 _c35714
_d35714